| Tag |
First Indicator |
Second Indicator |
Subfields |
| LEADER |
00000cam a2200000 a 4500 |
| 001 |
in00001458024 |
| 005 |
20151020171019.0 |
| 008 |
990908s1993 nyuab 000 0 spa d |
| 020 |
|
|
|a 0070150583
|
| 035 |
|
|
|a (OCoLC)42321289
|
| 035 |
|
|
|9 AJC8261AM
|
| 040 |
|
|
|a TXA
|c TXA
|d UtOrBLW
|
| 041 |
0 |
|
|a spa
|a eng
|
| 049 |
|
|
|a TXAM
|
| 090 |
|
|
|a PC4117
|b .E55 1993
|
| 245 |
0 |
0 |
|a Entre otras cosas... /
|c Richard Curry[and others].
|
| 264 |
|
1 |
|a New York :
|b McGraw-Hill, Inc.,
|c [1993]
|
| 264 |
|
4 |
|c ©1993
|
| 300 |
|
|
|a iii, 161 pages :
|b illustrations, maps ;
|c 28 cm.
|
| 336 |
|
|
|a text
|b txt
|2 rdacontent
|
| 337 |
|
|
|a unmediated
|b n
|2 rdamedia
|
| 338 |
|
|
|a volume
|b nc
|2 rdacarrier
|
| 490 |
1 |
|
|a College custom series
|
| 500 |
|
|
|a "The contributors...Drs. Richard Terry, Susan Dennis and Pamela Hanson, and Elida Bottino, José Antonio Caraballo, Francisca Miller and María Ofelia Pérez are faculty members of the Department of Modern & Classical Languages at Texas A&M University..."--Preface.
|
| 546 |
|
|
|a Preface in English.
|
| 650 |
|
0 |
|a Spanish language
|v Readers.
|
| 650 |
|
0 |
|a Spanish language
|v Textbooks for foreign speakers
|x English.
|
| 700 |
1 |
|
|a Curry, Richard K.
|
| 710 |
2 |
|
|a Texas A & M University.
|b Department of Modern & Classical Languages.
|
| 830 |
|
0 |
|a College custom series.
|
| 948 |
|
|
|a o:fp
|
| 999 |
|
|
|a MARS
|
| 999 |
f |
f |
|s 3c9b5376-ea85-3b80-ac0b-0e24711b6d26
|i 2bc14869-ce47-33e3-8dd8-80dd5412b242
|t 0
|
| 952 |
f |
f |
|p ric
|a Texas A&M University
|b Rellis Campus
|c Joint Library Facility
|s JLF
|d Remote Storage
|t 0
|e PC4117 .E55 1993
|h Library of Congress classification
|i unmediated -- volume
|m A14825122735
|
| 998 |
f |
f |
|a PC4117 .E55 1993
|t 0
|l Remote Storage
|